| 000 | 01821cam a22005894i 4500 | ||
|---|---|---|---|
| 003 | PE-LiUPU | ||
| 005 | 20250731170450.0 | ||
| 008 | 150706s2004 sp a r 000 0 spa d | ||
| 035 | _a(Sirsi) a48730 | ||
| 040 |
_aPE-LiUPU _bspa _cPE-LiUPU _dPE-LiUPU _erda |
||
| 049 | _aPRUA | ||
| 082 | 0 | 4 |
_a155.202 87 _bN29 _221 |
| 100 | 1 |
_aNavarro, Susana, _eautor. |
|
| 245 | 1 | 0 |
_aTests de personalidad / _cSusana Navarro. |
| 264 | 1 |
_aAlcobendas (Madrid) : _bLIBSA, _c[2004]. |
|
| 300 |
_a320 páginas : _bilustraciones ; _c23 centímetros. |
||
| 336 |
_atext _2rdacontent |
||
| 337 |
_aunmediated _2rdamedia |
||
| 338 |
_avolume _2rdacarrier |
||
| 490 | 0 | _aAutoconocimiento | |
| 505 | 0 | _aTests clásicos -- Tests proyectivos. | |
| 526 | _aSEG68 | ||
| 526 | _aSEG70 | ||
| 526 | _aSEG69 | ||
| 526 | _aSEG67 | ||
| 526 | _aSEG43 | ||
| 526 | _aP144 | ||
| 526 | _aP143 | ||
| 526 | _aP131 | ||
| 526 | _aP122 | ||
| 526 | _aP120 | ||
| 526 | _aP117 | ||
| 526 | _aP112 | ||
| 526 | _aP110 | ||
| 526 | _aP106 | ||
| 526 | _aP101 | ||
| 526 | _aP80 | ||
| 526 | _aP59 | ||
| 526 | _aP54 | ||
| 526 | _aP35 | ||
| 526 | _aP33 | ||
| 526 | _aP30 | ||
| 541 | _g001-0031616; | ||
| 650 | 0 | 4 | _aTests de personalidad. |
| 650 | 0 | 4 | _aPruebas de la personalidad. |
| 910 |
_bjv _cjvm _d20100615 |
||
| 942 |
_2ddc _cBOOK |
||
| 949 |
_a155.202 87 N29 _wDEWEY _c1 _i61879 _lCCODEBUL1 _mBUL _p25.00 _r0 _sY _tLIBRO _u2015-07-06 _xEDUCACION _PP33 _o.STAFF. Colección Ciencias de la Salud |
||
| 994 |
_aC0 _bPEPRU |
||
| 596 | _a1 | ||
| 999 |
_a155.202 87 N29 _wDEWEY _c51001 _i61879 _d51001 _e2019-3-31 _f2021-11-3 _g5 _lCCODEBUL1 _mBUL _n29 _p25.00 _q6 _r0 _sY _tBOOK _u2015-7-6 _xSALUD _zP33 _0COMPRA _o.STAFF. Colección Ciencias de la Salud |
||
| 980 |
_81 _gALBERTO SANCHEZ Responsable de Automatización |
||